00827nas a2200265 4500001001300000003000900013005001700022007000300039008003400042040005400076041000900130072001300139100002200152100002400174100002600198100002200224100001900246245008300265650001300348650001700361650001700378650002200395773009100417856005300508BR2014005331BR-BrBNA20231205124419.0ta230509b bl.|||p| |||| 00| 00por d aBR-BrBNAbporcBiblioteca Nacional de Agricultura a(En) aF06; F041 aFernandes, C.N.V.1 aAzevedo, B.M. de A.1 aNascimento Neto, J.R.1 aViana, T.V. de A.1 aSousa, G.G. de1 aIrrigation and fertigation frequencies with nitrogen in the watermelon culture aMELANCIA aADUBAÇÃO aNITROGÊNIO aFERTIRRIGAÇÃO0 tBragantia (Brazil)xISSN 1678-4499 g(Apr-Jun 2014), v. 73(2) p. 106-112wBR201400533140uhttp://www.scielo.br/pdf/brag/v73n2/v73n2a03.pdf